000 00755nam a2200229 i 4500
001 bg
100 1 _aSTEPOWICZ, Witold Jerzy
245 1 0 _aElementy półprzewodnikowe i układy scalone /
_cWitold J. Stepowicz ; Politechnika Gdańska.
250 _a[Wyd.2].
260 _aGdańsk :
_bWydaw. PG,
_c1993.
300 _a173 s. :
_brys., wykr. ;
_c24 cm.
504 _aBibliogr. s. 173.
521 _aSkrypt dla studentów kierunków Automatyka i Robotyka oraz Telekomunikacja.
650 9 _aPółprzewodniki
_xurządzenia
650 9 _aUkłady elektroniczne
655 _aPodręczniki akademickie
040 _cBPK
041 0 _apl
080 _a621.382:681.32/.33:621.3.049.77](075.8)
942 _cKS
008 s pl f |000 0 pol
999 _c6838
_d6838
856 _uhttp://koha.tu.koszalin.pl/cgi-bin/koha/opac-detail.pl?biblionumber=6838
_yKatalog online BPK